Outward Processing in Central and East European Transition Countries Issues and Results from German Statistics
Uložené v:
| Hlavný autor: | |
|---|---|
| Ďalší autori: | |
| Médium: | Kniha |
| Jazyk: | English |
| Vydavateľské údaje: |
Kiel
Institut für Weltwirtschaft
1994
|
| Edícia: | Kiel Working Paper
No.631 |
| Predmet: | |
| Tagy: |
Žiadne tagy, Buďte prvý, kto otaguje tento záznam!
|
MARC
| LEADER | 00000nam a2200000 4500 | ||
|---|---|---|---|
| 001 | c010652 | ||
| 005 | 20250521093031.8 | ||
| 041 | 0 | |a eng | |
| 044 | |a DE | ||
| 245 | 1 | 0 | |a Outward Processing in Central and East European Transition Countries |b Issues and Results from German Statistics |c Petra Naujoks, Klaus-Dieter Schmidt |
| 264 | 1 | |a Kiel |b Institut für Weltwirtschaft |c 1994 | |
| 300 | |a 22 s. | ||
| 490 | 1 | |a Kiel Working Paper |v No.631 | |
| 830 | 0 | |a Kiel Working Paper |v No.631 | |
| 610 | 2 | 0 | |a záujmy ekonomické |
| 610 | 2 | 0 | |a vzťahy hospodárske medzinárodné |
| 610 | 2 | 0 | |a stredná Európa |
| 610 | 2 | 0 | |a Nemecko |
| 610 | 2 | 0 | |a východná Európa |
| 610 | 2 | 0 | |a štatistika |
| 610 | 2 | 0 | |a obchod zahraničný |
| 100 | 1 | |a Naujoks, Petra | |
| 700 | 1 | |a Schmidt, Klaus-Dieter | |